书目信息 |
| 书名: | Your erroneous zones | |
| 作者: | Wayne w dyer | |
| 分册号: | ||
| 分册名: | 出版地: | New |
|
| 出版社: | Harper | |
| 出版时间: | 1991 | |
| 页数: | 241p | |
| 开本: | 22cm | |
| 丛书名: | ||
| 中图分类号: | ||
| 科图分类号: | ||
| 其他分类号: | B848 | |
| 主题词: | ||
| 电子资源: | ||
| 000 | 00372nam0 2200145 450 | |
| 001 | 202012200491 | |
| 005 | 20121113152356.0 | |
| 008 | 20010101s | |
| 020 | @a978-0-06-091976-4@c$13.99 | |
| 099 | @dB848@eW3596 | |
| 245 | 10 | @aYour erroneous zones@cWayne w dyer |
| 260 | 0 | @aNew@bHarper@c1991 |
| 300 | @a241p@c22cm | |
| 905 | @b11218 | |
| 905 | @aTSG@dB848@eW3596 | |
| Your erroneous zones / Wayne w dyer.-New : Harper , 1991 |
| 241p ; 22cm |
| ISBN 978-0-06-091976-4$13.99 |
| ● |
| 相关链接 |
|
|
|
正题名:Your erroneous zones
索取号:B848/W3596
 
预约/预借
| 序号 | 登录号 | 条形码 | 馆藏地/架位号 | 状态 | 备注 |